Drawing examples for motor vehicle engines (Record no. 92)

MARC details
000 -LEADER
fixed length control field 00440nam a2200169Ia 4500
003 - CONTROL NUMBER IDENTIFIER
control field OST
005 - DATE AND TIME OF LATEST TRANSACTION
control field 20240606080811.0
008 - FIXED-LENGTH DATA ELEMENTS--GENERAL INFORMATION
fixed length control field 150730s9999 xx 000 0 und d
040 ## - CATALOGING SOURCE
Transcribing agency MRUC
050 ## - LIBRARY OF CONGRESS CALL NUMBER
Classification number TL253.Z34
100 ## - MAIN ENTRY--PERSONAL NAME
Personal name Zammit, Saviour J
245 ## - TITLE STATEMENT
Title Drawing examples for motor vehicle engines
264 ## - PRODUCTION, PUBLICATION, DISTRIBUTION, MANUFACTURE, AND COPYRIGHT NOTICE
Name of producer, publisher, distributor, manufacturer Longman
650 ## - SUBJECT ADDED ENTRY--TOPICAL TERM
Topical term or geographic name entry element "Automotive drafting -- Problems, exercises"
942 ## - ADDED ENTRY ELEMENTS (KOHA)
Source of classification or shelving scheme Library of Congress Classification
Koha item type Books
Holdings
Withdrawn status Lost status Source of classification or shelving scheme Damaged status Not for loan Home library Current library Date acquired Total checkouts Full call number Barcode Date last seen Price effective from Koha item type
    Library of Congress Classification     Murang'a University of Technology Library Murang'a University of Technology Library 14/08/2015   TL253.Z34 000095 30/08/2024 14/08/2015 Books